Academic’s dictionary of physics
Saved in:
| Main Author: | |
|---|---|
| Format: | Book |
| Language: | English |
| Published: |
Academic (India) Publishers,
2011.
|
| Tags: |
Add Tag
No Tags, Be the first to tag this record!
|
MARC
| LEADER | 00000nam a22000007a 4500 | ||
|---|---|---|---|
| 008 | 210609b ||||| |||| 00| 0 eng d | ||
| 020 | |a 81-85185-31-X | ||
| 100 | |a RAMARAJU, A. R. | ||
| 245 | |a Academic’s dictionary of physics |c A. R. Ramaraju, B. L. Arora |g 387p. ;ill. | ||
| 260 | |b Academic (India) Publishers, |c 2011. |h New Delhi: |i 691674 |i 691675 |l QC5 .R14 |m Physic – Dictionaries. | ||
| 942 | |a lcc |c VM |e Adeniran, F. A |f 09/06/2021 | ||
| 952 | |0 0 |1 0 |2 lcc |4 0 |6 QC0005 R14 |7 0 |9 2558 |a HOL |b SL |c QZ |d 2021-06-09 |l 0 |o QC5 .R14 |p 2021-6409 |r 2021-06-09 00:00:00 |w 2021-06-09 |y VM | ||
| 952 | |0 0 |1 0 |2 lcc |4 0 |6 QC0005 R14 |7 0 |9 2559 |a HOL |b HOL |c QZ |d 2021-06-09 |l 0 |o QC5 .R14 |p 2021-6410 |r 2021-06-09 00:00:00 |w 2021-06-09 |y VM | ||
| 999 | |c 1335 |d 1335 | ||